000 00986nam a2200253Ia 4500
003 GCL
008 140319s9999 xx 000 0 ara d
020 _a5713213977
040 _aGCL /
_cGCL
082 0 4 _a305.42
_bم م
100 1 _aهانى عياد
245 1 0 _aالمرأة المصرية كمواطنة :
_bقراءة فى الجوانب الاجتماعية و الاقتصادية و السياسية لمواطنة المرأة /
_cهانى عياد
700 1 _aمجموعة شباب الاسكندرية
700 1 _aمايكل زكى
260 _aالقاهرة :
_bدار الثقافة ،
_c2004
300 _a75 ص ؛
_c24 سم
490 _aاصدارات منتدى حوار الثقافات
_v22
650 0 4 _aحقوق المرأة
650 0 4 _aالمرأة - احوال اجتماعية
650 0 4 _aالمرأة - احوال سياسية
650 0 4 _aالمرأة فى الاسلام
650 0 4 _aالمرأة كمواطنة
942 _2ddc
_cBK
999 _c8942
_d8942